| 000 | 00000nam##2200000za#4500 |
| 001 | 9.666139 |
| 003 | CaOODSP |
| 005 | 20240209132422 |
| 007 | ta |
| 008 | 150407|2005||||xxc||||| f|0| 0 eng|d |
| 020 | |a0-662-68702-7 |
| 040 | |aCaOODSP|beng |
| 041 | |aeng |
| 041 | |afre |
| 043 | |an-cn--- |
| 086 | 1 |aIu89-4/6-2005 |
| 110 | 2 |aAtlantic Canada Opportunities Agency. |
| 245 | 10|aWomen business owners in Atlantic Canada : |ba dynamic and growing force |
| 260 | |aMoncton - New Brunswick : |bAtlantic Canada Opportunities Agency |c2005. |
| 300 | |a1 folded sheet [2p.] ; |c28 cm. |
| 563 | |aPamphlet |
| 590 | |a05-13|b2005-04-01 |
| 690 | 07|aBusinesses|2gcpds |
| 690 | 07|aWomen|2gcpds |
| 776 | 0#|tLes femmes propriétaires d'entreprises au Canada atlantique : |w(CaOODSP)9.638176 |
| 776 | 0#|tWomen business owners in Atlantic Canada : |w(CaOODSP)9.693993 |
| 792 | |tLes femmes propriétaires d'entreprises au Canada atlantique : |efre|w(CaOODSP)9.666140 |